Normal view
MARC view
Entry Personal Name
001 - CONTROL NUMBER
- control field: 83360
003 - CONTROL NUMBER IDENTIFIER
- control field: OSt
005 - DATE AND TIME OF LATEST TRANSACTION
- control field: 20251009152916.0
008 - FIXED-LENGTH DATA ELEMENTS
- fixed length control field: 251009|| aca||aabn | a|a d
040 ## - CATALOGING SOURCE
- Original cataloging agency: OSt
- Transcribing agency: OSt
100 ## - HEADING--PERSONAL NAME
- Personal name: Garg,Sandeep
670 ## - SOURCE DATA FOUND
- Source citation: Work cat.: (OSt)68237: Garg,Sandeep, The Indian Evidence 1872 (act 1 of 1872), 2025









